000 00883nam a2200253Ia 4500
003 OSt
005 20220926000604.0
006 a|||||r|||| 00| 0
007 ta
008 220923b |||||||| |||| 00| 0 eng d
037 _cGeneral Book
040 _aRTL
_cRTL
_beng
041 _2eng
_aeng
082 _aV2 , 8, L2
110 _aIndian Institute of Public Administration, Case studies 9 Committee on)
_9302829
245 0 _aNew challanges in administration
260 _a New Delhi
_bIndian Institute of Public Administration India
_c1972
300 _axv, 203p
_ccm.
490 _vVol.2
_aIndian Institute of Public Administration, case studies : New series, V2
650 _aBureacracy India
700 _aIndian Institute of Public Administration, Case studies 9 Committee on)
_9302830
942 _hV2 , 8, L2
_cGB
_2CC
999 _c599349
_d599349